Quizzes
Events
Quiz Creation
Community
Videos
Private Events
Remove Ads
Sign In
Join for FREE
Feedback
Dark Mode
Quiz Categories
Sports
Geography
Music
Movies
Television
Just For Fun
Miscellaneous
History
Literature
Language
Science
Gaming
Entertainment
Religion
Holiday
For Kids
Quiz Lab
Recent
Popular Today
Quiz Kudos Today
Editor Picks
Curator Picks
Quizzes by...
Day
Popularity
Type
Ratings
Length
Year
Community
Subscriptions
Recent Discussions
Orange Saloon
Badges
Playlists
Quests
Create
Leaderboards
Showdown
Live 5
Trivia Bingo
Activity
Puzzle Library
Sporcle Events
Private Events
Virtual Trivia
Globe League
Become a Host
Pub Owners
SporcleCon
Opinionation
Our Games
Videos
Blog
Mobile Apps
Partnerships
Remove Ads and Go Orange
Feedback
History
US Presidents
World Leaders
Politics
Nation
Discovery
War
Decade
Year
Century
Biography
Art
History
US Presidents
World Leaders
Politics
Nation
Discovery
War
Decade
Year
Century
Biography
Art
Random Quiz
Search Sporcle
×
Quiz Lab
Quiz Lab
History
Italy
Type in answers that appear in a list
Type in answers that appear in a list
Classic
Best Score? Go Orange.
Mussolini's Italy dates Stats
Can you name the Mussolini's Italy dates?
By
amateyd
15m
63 Questions
73 Plays
73 Plays
73 Plays
Comments
Comments
Give Quiz Kudos
Give Quiz Kudos
-
- Ratings
hide this ad
Forced Order
Answers have to be entered in order
Answers have to be entered in order
Random Order
Randomize order of answers
Randomize order of answers
Replay
Link that replays current quiz
Next Quiz
Link to next quiz in quiz playlist
You Got
0%
They Got
Avg Score
10%
Avg Friend Score
Upgrade to see
Score Distribution
Jump to the score distribution portion of the page
Score
0/63
Timer
15:00
0
Plays Today
Events
% Correct
Fascists only win 2% of election
1919
37%
Mussolini forms the PNF (Fascist party)
1921
34.2%
Wall Street Crash (Month Year)
October 1929
32.9%
Fascists win 35% of the vote and 7% of seats in election
1921
30.1%
Membership for ONB becomes compulsory
1935
24.7%
Elections see Catholic PPI and Socialist PSI set up
1919
23.3%
Fascism founded under name fascio di combatimento
1919
21.9%
Battle for Births Launched
1927
21.9%
All teachers required to be fascist party members
1933
19.2%
Fascists win 66% of the vote (Month Year)
April 1924
17.8%
All teachers merged into one fascist organisation
1929
17.8%
ONB (Ballila) taken over by Education Ministry
1929
17.8%
Pact of Pacification signed with socialists
1921
16.4%
Mussolini arrives in Rome and is appointed PM (DD-
MM-
YEAR)
30-10-1922
16.4%
Acerbo laws passed (Month Year)
July 1923
16.4%
Mussolini granted emergency powers for a year (Month Year)
November 1922
15.1%
Italy's deficit reaches 12,750 million Lira
1939
15.1%
Unemployment reaches 1.3 million
1932
13.7%
Fascists begin to pursue a more right win agenda
1921
12.3%
101 out 317 textbooks banned
1926
12.3%
Librico Unico, single govt. textbook introduced
1928
12.3%
King agrees to martial law at 2am then reverses position at 9 am (DD-
MM-
YEAR)
28-10-1922
11%
Salandra advises that Mussolini be appointed PM (DD-
MM-
YEAR)
29-10-1922
11%
Matteotti murdered (DD-
MM-
YEAR)
10-06-1924
11%
National Fascist Culture institute set up
1926
11%
Lateran Pacts and Concordat agreement reached with Pope (Month Year)
February 1929
11%
Pope's 'Casti Conubi' encyclical pubclished, stressing traditional role of women
1930
11%
Military education introduced in schools
1935
11%
Fascists seize control of some key areas and PM Facta agrees to martial law (DD-
MM-
YEAR)
27-10-1922
9.6%
Fascist Militia created (Month Year)
January 1923
9.6%
A limit of 10% was imposed on state jobs for women
1933
9.6%
Actual March on Rome happens (DD-
MM-
YEAR)
31-10-1922
8.2%
Events
% Correct
Fascist Grand Council created (MVSN) (Month Year)
December 1922
8.2%
Measures towards church taken
1923
8.2%
Lessons of fascist culture introduced in schools
1936
8.2%
Racial laws discriminating against Jews introduced (Month Year)
July 1938
8.2%
Limit of 10% imposed on both state and now private jobs for women
1938
8.2%
Failed strike marks end of Bienno Rosso (Month followed by year)
1922
6.8%
Rocco Unions Law: Strikes and free unions banned (Month Year)
April 1926
6.8%
Congress in Naples where squads told that Mussolini will seize power (DD-
MM-
YEAR)
24-10-1922
5.5%
Palazzo Vidoni pact banning all non fascist trade unions (Month Year)
August 1925
5.5%
Bottai sets up Bergamo Prize, Farinacci sets up Cremona Prize
1939
5.5%
LUCE set up
1924
4.1%
Battle for Grain initiated (Month Year)
October 1925
4.1%
Laws on the powers of the Head of government giving Mussolini executive powers (Month Year)
December 1925
4.1%
Director General in Culture Ministry appointed
1934
4.1%
Dopolavoro (OND) set up (Month Year)
May 1925
2.7%
Ministry of Corporations formed (Month Year)
July 1926
2.7%
Battle for Land Launched (Month Year)
June 1928
2.7%
Mussolini and other leaders plan insurrection (DD-
MM-
YEAR)
16-10-1922
1.4%
Special Tribunals founded (Month Year)
November 1926
1.4%
Lira raised to 90 to the £ (Month Year)
December 1926
1.4%
National Council of Corporations formed (Month Year)
March 1930
1.4%
Sofindit/
IMI are created to stabilise finance (Month Year)
October 1931
1.4%
Lira devalued (Month Year)
May 1936
1.4%
Elected Mayors appointed by podestas (Month Year)
February 1926
0%
Ballila (ONB) founded (Month Year)
April 1926
0%
OVRA founded (Month Year)
November 1926
0%
CIL/
GIL labour organisations forced to dissolve (Month Year)
May 1927
0%
Lauch of Battle for Lira (Month Year)
June 1927
0%
Election of individual MPs replaced by plebiscite system (Month Year)
May 1928
0%
Beneduce sets up IRI (Month Year)
February 1933
0%
Autarky introduced by Mussolini (Month Year)
February 1935
0%
Quiz Playlist
Details
Report
Send in Message
Add To Playlist
Classic:
Type in answers that appear in a list
Forced Order:
Answers have to be entered in order
Random Order:
Randomize order of answers
Last Updated: Feb 16, 2017
Quiz Scoreboard
CHALLENGE
Sign Up to Join the Scoreboard
Show All
Scores
Hide
Comments
May contain spoilers
Recently Published
9x9 Crossword: Cartoon Network
by jackfrog10
Miscellaneous
3m
College Basketball Coaching Resumes
by pancakes188
Sports
9m
Billboard Blitz: Fleetwood Mac
by CooCooCachoo
Music
15s
More to Explore
Quiz From the Vault
Featured Blog Post
Where Did the Easter Bunny Come From?
hide this ad
You Might Also Like...
Tags
date
Italy
Today's Top Quizzes in History
Browse History
hide this ad
Today's Top Quizzes in Italy
Browse Italy
Top Contributed Quizzes in History
1
Popular People in 1991
2
Popular People in 1981
3
Popular People in 1951
4
Popular People in 1941
5
Popular People in 1986
6
Popular People in 1976
7
Popular People in 1921
8
5-to-1: 20th Century Images of War
9
I Am Born On March 28th
10
Popular People in 1946
Explore More
Trending Topics
Disney
Harry Potter
Crossword
Marvel
Kpop
NBA
Anime
Song
Pokémon
NFL
Soccer
Puzzle
The Office
Country
WWE
hide this ad
More By:
amateyd
Quiz
Plays
Rating
Category
Featured
Created
Mussolini's Italy dates
73
4.50
History
Dec 30, 2012
Go to Creator's Profile
Score Distribution
Quiz Creator Spotlight
amateyd
Follow
Send a Message
Quizzes Created
-
Created Quiz Play Count
-
More By This Creator
Popular Quizzes Today
1
Find the US States - No Outlines Minefield
2
Find the Countries of Europe - No Outlines Minefield
3
The Countries of the World
4
Find the US States
5
Risky Map Clicking: Biggest States A-Z
6
US States
7
Popular People in 1961
8
Movies - When Are They Set?
More History Quizzes
Who Am I? Famous People XVIII
Published
Trending Quizzes
Risky Map Clicking: Least Populous States A-Z
1-10 Letter G Words
Risky Map Clicking: Next State Alphabetically
Adjectives in 80s TV Shows
Risky Map Clicking: Biggest States A-Z
Recently Updated
Leaping Animals
pecheneg
Reality TV Shows (A-Z)
bhenderson79
Rickey Henderson's Hall of Fame Teammates
pecheneg
Champions League XIs: Arsenal
pecheneg
Quick Pick: Celebrities in WWE's Hall of Fame
aduchscher
A-Z Keypad Blitz II
pecheneg
Multiple Oscar Actors
pecheneg
Mystery Phrase Blitz: Oscar 'Best Actors'
pecheneg
F. Scott Fitzgerald Novels
LTH
Pick 3 Villains
ddd62291
Trending Topics
Disney
Kpop
NBA
Crossword
Marvel
Harry Potter
Anime
WWE
Country
Pokémon
The Office
Song
Soccer
Puzzle
NFL
Your Account Isn't Verified!
In order to create a playlist on Sporcle, you need to verify the email address you used during registration. Go to your
Sporcle Settings
to finish the process.
Report this User
Report this user for behavior that violates our
Community Guidelines
.
Details:
Send Report
Go to the Sporcle.com Mobile Site →
Comments